| 000 | 01455nam a2200361 i 4500 | ||
|---|---|---|---|
| 003 | EG-GICUC | ||
| 005 | 20260121101637.0 | ||
| 008 | 260103b2004 ua ||||f |||| 00| 0 ara d | ||
| 017 | _a2003/15729 | ||
| 040 |
_a EG-GICUC _bara _c EG-GICUC _d EG-GICUC _erda |
||
| 041 | _aara | ||
| 082 | 0 | 4 |
_221 _a345.8223 _bع ب . د |
| 092 | 0 | 4 | _221 |
| 099 | _alaw1 07 345.8223 ع ب . د 1 ed - 2004 | ||
| 100 | 0 |
_aعبد الرؤوف هاشم محمد بسيوني _eمؤلف. |
|
| 245 | 1 | 0 |
_aدعوى إلغاء القرار الإداري في مجلس الدولة : _bالأسباب والشروط _cدكتور عبدالعزيز عبدالمنعم خليفة . |
| 250 | _aالطبعة الاولى | ||
| 264 |
_aالإسكندرية : _bمنشأة المعارف, _c2004. |
||
| 300 |
_a795 صفحة ؛ _c24 سم _bإيضاحيات، صور، مثيليات ؛ |
||
| 336 |
_2rda content _atext |
||
| 337 |
_2rda media _aComputer |
||
| 338 |
_2rda carrier _aOnline Resource |
||
| 504 | _a. 782-778ببليوجرافيا: صفحات. | ||
| 546 | _aالنص باللغة العربية | ||
| 650 | 1 | 4 |
_aدعوى الإلغاء _2qrmak |
| 650 | 1 | 4 |
_aخصائص دعوى الإلغاء _2qrmak |
| 650 | 1 | 4 | _aشروط قبول دعوى الإلغاء |
| 650 | 1 | 4 | _aشروط تتعلق بمصلحة رافع الدعوى |
| 651 | 1 | _2qrmak | |
| 856 | 4 | 0 | _uhttps://fll.law.cu.edu.eg/fulltext/bks/B07-02146.pdf |
| 905 | _a79 | ||
| 942 |
_2ddc _n0 _cBK _e21 |
||
| 999 |
_c53987 _d53987 |
||